000 00995naa a22003017a 4500
001 BR8106302
003 BR-BrBNA
005 20240918174924.0
007 ta
008 230509b bl.||||| |||| 00| 0 por d
040 _aBR-BrBNA
_bpor
_cBiblioteca Nacional de Agricultura
041 _a(Pt)
072 _aF30
_b0430
_bG514
090 _aF30 BR8106302
100 1 _aCastro, E. da M.
100 1 _aPenna, J.C.V.
245 1 _aMelhoramento do algodoeiro pela selecao genealogica [Minas Gerais, Brasil]
260 3 _aBelo Horizonte, MG (Brasil):
_c1981.
500 _aProjeto algodao. Relatorio 78/79 Belo Horizonte, MG (Brasil): 1981. p. 43-44 (BR8106302-AM)F30
650 _aALGODAO
650 _aSELECAO GENETICA
650 _aTESTE DE PROGENIE
650 _aGENETICA VEGETAL
650 _aMINAS GERAIS
773 0 _tProjeto algodao. Relatorio 78/79
_wF30 BR8106302
_gBelo Horizonte, MG (Brasil), 1981. p. 43-44
909 _a202404
_bLucia
_c55
_dLucia Elande
942 _cAM
_2AGRIS
999 _c314371
_d314371